LEADER 01232nam--2200385---450- 001 990003415510203316 005 20100622094341.0 010 $a978-88-568-0308-2 035 $a000341551 035 $aUSA01000341551 035 $a(ALEPH)000341551USA01 035 $a000341551 100 $a20100622d2009----km-y0itay50------ba 101 $aita 102 $aIT 105 $a||||||||001yy 200 1 $aTurnaround plus+$eun metodo innovativo per la ristrutturazione, il risanamento e il rilancio delle aziende in crisi$fAlessandro Amadio, Umberto Paparelli 210 $aMilano$cFranco Angeli$d2009 215 $a206 p.$d23 cm 225 2 $aAzienda moderna$v707 410 0$aAzienda moderna$12001$v707 606 0 $aAziende$xProcessi innovativi$2BNCF 676 $a658.4063 700 1$aAMADIO,$bAlessandro$0471858 701 1$aPAPARELLI,$bUmberto$0608043 801 0$aIT$bsalbc$gISBD 912 $a990003415510203316 951 $a658.406 AMA 1$b17514 E.C.$c658.406$d00258489 959 $aBK 969 $aECO 979 $aCHIARA$b90$c20100622$lUSA01$h0942 979 $aCHIARA$b90$c20100622$lUSA01$h0943 979 $aCHIARA$b90$c20101025$lUSA01$h1243 996 $aTurnaround plus+$91125288 997 $aUNISA